[Event "Sabadell Otero Memorial"]
[Site "Sabadell"]
[Date "2023.05.26"]
[Round "7"]
[White "Casanovas Barniol, Gerard"]
[Black "Alvarez March, Aleix"]
[Result "1-0"]
[WhiteElo "1674"]
[BlackElo "1372"]
[PlyCount "129"]
[EventDate "2023.04.14"]
[EventType "swiss"]
[EventRounds "8"]
[EventCountry "ESP"]
[SourceTitle "EXT 2024"]
[Source "ChessBase"]
[SourceDate "2023.10.10"]
[SourceVersion "1"]
[SourceVersionDate "2023.10.10"]
[SourceQuality "1"]

1. e4 e6 2. d4 d5 3. Nc3 Bb4 4. e5 c5 5. a3 Bxc3+ 6. bxc3 Ne7 7. Qg4 Qc7 8. Bd2 cxd4 9. cxd4 Qxc2 10. Qxg7 Qe4+ 11. Be3 Rg8 12. Qh6 Nbc6 13. Nf3 Nf5 14. Qxh7 Rg6 15. Qh8+ Ke7 16. Ng5 Qh4 17. Qxh4 Nxh4 18. g3 Nf5 19. Bd3 Ncxd4 20. Bxd4 Rxg5 21. Bc5+ Kd7 22. h4 Rh5 23. 0-0-0 b6 24. Bb4 Ne7 25. f4 Bb7 26. g4 Rhh8 27. f5 d4 28. Bb5+ Nc6 29. Rxd4+ Kc7 30. Bd6+ Kc8 31. Rc4 Kd7 32. fxe6+ fxe6 33. h5 a6 34. Bxc6+ Bxc6 35. Rd1 Rac8 36. Bb4+ Bd5 37. Rxc8 Rxc8+ 38. Kb2 Ke8 39. h6 Kf7 40. Rf1+ Kg6 41. Rf6+ Kg5 42. Bf8 Be4 43. Be7 Kxg4 44. Rxe6 Re8 45. Kc3 Bf5 46. Rxb6 Rxe7 47. Kd4 Kg5 48. Rxa6 Bg6 49. Kd5 Kxh6 50. Kd6 Re8 51. e6 Kg7 52. Ra7+ Kf6 53. e7 Bf5 54. Ra5 Bg4 55. Re5 Bh3 56. a4 Bf1 57. Re1 Bd3 58. a5 Bc4 59. Re4 Bd3 60. Rf4+ Bf5 61. Rxf5+ Kxf5 62. Kd7 Ra8 63. e8Q Ra7+ 64. Kc6 Rxa5 65. Qh5+ 1-0

[Event "Roncana op-B 13th"]
[Site "Santa Eulalia de Roncana"]
[Date "2019.10.12"]
[Round "3"]
[White "Vacas Gijon, Gabriel"]
[Black "Casanovas Barniol, Gerard"]
[Result "1/2-1/2"]
[WhiteElo "1504"]
[BlackElo "1466"]
[PlyCount "29"]
[EventDate "2019.09.28"]
[EventType "swiss"]
[EventRounds "8"]
[EventCountry "ESP"]
[SourceTitle "CBM 193 Extra"]
[Source "ChessBase"]
[SourceDate "2020.01.31"]
[SourceVersion "1"]
[SourceVersionDate "2020.01.31"]
[SourceQuality "1"]

1. d4 Nf6 2. Nf3 d5 3. Bf4 g6 4. h3 Bg7 5. e3 0-0 6. c4 c5 7. Nbd2 Nc6 8. Nb3 cxd4 9. exd4 dxc4 10. Bxc4 Bf5 11. a3 Be4 12. Be2 Nh5 13. Be3 Bd5 14. 0-0 Nf6 15. Rc1 1/2-1/2

[Event "La Pobla de Lillet op-B 29th"]
[Site "La Pobla de Lillet"]
[Date "2019.08.10"]
[Round "9"]
[White "Casanovas Barniol, Gerard"]
[Black "Casamitjana Nunez, Andres"]
[Result "0-1"]
[WhiteElo "1447"]
[BlackElo "1788"]
[PlyCount "132"]
[EventDate "2019.08.02"]
[EventType "swiss"]
[EventRounds "9"]
[EventCountry "ESP"]
[SourceTitle "EXT 2022"]
[Source "ChessBase"]
[SourceDate "2021.10.06"]
[SourceVersion "1"]
[SourceVersionDate "2021.10.06"]
[SourceQuality "1"]

1. e4 Nf6 2. Nc3 d5 3. exd5 Nxd5 4. Bc4 Nxc3 5. Qf3 e6 6. dxc3 Bd6 7. Bd2 Nc6 8. Qg4 0-0 9. Bh6 Qf6 10. Bg5 Qe5+ 11. Ne2 Kh8 12. Bf4 Qf6 13. Bg5 Qg6 14. Bd3 f5 15. Qh4 h6 16. Bd2 e5 17. f3 Be7 18. Qg3 Qh5 19. Qh3 Qf7 20. Qg3 Bd6 21. Qf2 Bd7 22. 0-0-0 Qxa2 23. Bxh6 gxh6 24. c4 Qa1+ 25. Kd2 Qxb2 26. Qh4 Kh7 27. Ng3 Qd4 28. Qh3 Bb4+ 29. Ke2 e4 30. fxe4 fxe4 31. Bxe4+ Qxe4+ 32. Nxe4 Bxh3 33. gxh3 Rf7 34. Rhg1 Re8 35. Rdf1 Rxe4+ 36. Kd3 Rxf1 37. Rxf1 Re7 38. h4 Bc5 39. Rf5 Bd6 40. h3 Kg6 41. Rb5 b6 42. h5+ Kh7 43. c3 Bc5 44. h4 Re5 45. Rb1 Rxh5 46. Rf1 Kg6 47. Re1 Ne5+ 48. Ke4 Nxc4 49. Kd3 Rxh4 50. Re8 Nd6 51. Ra8 Kf5 52. Rxa7 Rh3+ 53. Ke2 Nb5 54. Ra8 Nxc3+ 55. Kd2 Nb5 56. Ra1 Ke4 57. Re1+ Kd4 58. Kc2 Rh2+ 59. Kb3 Rh3+ 60. Kc2 Kc4 61. Re4+ Nd4+ 62. Kd2 Rh2+ 63. Kd1 Kd3 64. Re1 Rg2 65. Kc1 Nb3+ 66. Kb1 Rg1 0-1

[Event "La Pobla de Lillet op-B 29th"]
[Site "La Pobla de Lillet"]
[Date "2019.08.02"]
[Round "1"]
[White "Casanovas Barniol, Gerard"]
[Black "Jucla Esteve, Francisco Javier"]
[Result "1/2-1/2"]
[WhiteElo "1447"]
[BlackElo "1647"]
[PlyCount "57"]
[EventDate "2019.08.02"]
[EventType "swiss"]
[EventRounds "9"]
[EventCountry "ESP"]
[SourceTitle "EXT 2022"]
[Source "ChessBase"]
[SourceDate "2021.10.06"]
[SourceVersion "1"]
[SourceVersionDate "2021.10.06"]
[SourceQuality "1"]

1. e4 c5 2. Nf3 Nc6 3. d4 cxd4 4. Nxd4 a6 5. Nxc6 bxc6 6. c4 Qc7 7. Nc3 e5 8. Be3 Bb4 9. Qc1 Nf6 10. f3 d5 11. exd5 cxd5 12. cxd5 Nxd5 13. Bd2 Nxc3 14. Bxc3 Qb6 15. Bxb4 Qxb4+ 16. Qc3 Qxc3+ 17. bxc3 Ke7 18. Be2 Be6 19. Kf2 Rhc8 20. Rhc1 Rc7 21. g4 a5 22. Rc2 f5 23. h3 f4 24. Bd3 h6 25. Re1 Kf6 26. Rce2 Rc5 27. h4 g5 28. hxg5+ hxg5 29. c4 1/2-1/2

[Event "Roncana op-B 12th"]
[Site "Santa Eulalia de Roncana"]
[Date "2018.10.20"]
[Round "3"]
[White "Casanovas Barniol, Gerard"]
[Black "Sanchez Aguilar, Arnau"]
[Result "0-1"]
[WhiteElo "1458"]
[BlackElo "1486"]
[PlyCount "142"]
[EventDate "2018.09.29"]
[EventType "swiss"]
[EventRounds "8"]
[EventCountry "ESP"]
[SourceTitle "EXT 2020"]
[Source "ChessBase"]
[SourceDate "2019.10.17"]
[SourceVersion "1"]
[SourceVersionDate "2019.10.17"]
[SourceQuality "1"]

1. e4 e5 2. Nf3 Nc6 3. Bc4 Nf6 4. Ng5 d5 5. exd5 b5 6. Bxb5 Qxd5 7. Bxc6+ Qxc6 8. 0-0 Bb7 9. Qf3 Qxf3 10. Nxf3 Bxf3 11. gxf3 Nd5 12. Re1 f6 13. d4 Nb4 14. Re2 Nc6 15. c3 0-0-0 16. Be3 exd4 17. cxd4 Rxd4 18. Nc3 Rh4 19. Nd5 Bd6 20. f4 g5 21. Rc2 gxf4 22. Nxf4 Nb4 23. Rc4 Rg8+ 24. Kh1 Rgg4 25. f3 Rxf4 26. Bxf4 Rxf4 27. Rxf4 Bxf4 28. a3 Nd3 29. b4 Be5 30. Rg1 Bb2 31. Rg8+ Kb7 32. Rh8 Bxa3 33. Rxh7 Bxb4 34. h4 a5 35. h5 a4 36. Rd7 Bd6 37. Rg7 a3 38. h6 a2 39. Rg1 Be5 40. h7 f5 41. Kg2 a1Q 42. Rxa1 Bxa1 43. Kf1 Bh8 44. Ke2 Nf4+ 45. Ke3 Ng6 46. f4 c5 47. Kf3 Kb6 48. Ke3 Kb5 49. Kd3 Nxf4+ 50. Ke3 Nd5+ 51. Kd3 c4+ 52. Kd2 c3+ 53. Kd3 Nb4+ 54. Ke2 Kc4 55. Kd1 Kb3 56. Kc1 Nd3+ 57. Kd1 c2+ 58. Kd2 c1Q+ 59. Kxd3 Qc5 60. Ke2 Qd4 61. Kf3 Qe5 62. Kf2 Qe4 63. Kg3 Be5+ 64. Kf2 Qd3 65. Kg2 Qe3 66. Kf1 Qd2 67. Kg1 Qe2 68. h8Q Bxh8 69. Kh1 Be5 70. Kg1 Bd6 71. Kh1 Qh2# 0-1

[Event "Roncana op-B 12th"]
[Site "Santa Eulalia de Roncana"]
[Date "2018.10.06"]
[Round "2"]
[White "Casas Nin, Jordi"]
[Black "Casanovas Barniol, Gerard"]
[Result "0-1"]
[WhiteElo "1609"]
[BlackElo "1458"]
[PlyCount "84"]
[EventDate "2018.09.29"]
[EventType "swiss"]
[EventRounds "8"]
[EventCountry "ESP"]
[SourceTitle "EXT 2020"]
[Source "ChessBase"]
[SourceDate "2019.10.17"]
[SourceVersion "1"]
[SourceVersionDate "2019.10.17"]
[SourceQuality "1"]

1. e4 e5 2. Nf3 Nc6 3. Bb5 a6 4. Bxc6 dxc6 5. 0-0 Bg4 6. h3 h5 7. d3 Bxf3 8. Qxf3 Qf6 9. Nd2 Qxf3 10. Nxf3 Bd6 11. b3 0-0-0 12. Bb2 f6 13. Nh4 Ne7 14. a4 g5 15. Nf3 g4 16. Nh4 gxh3 17. gxh3 Rdg8+ 18. Kh1 Ng6 19. Nxg6 Rxg6 20. Rg1 Rhg8 21. Rxg6 Rxg6 22. Rg1 Rxg1+ 23. Kxg1 Kd7 24. Kg2 b5 25. axb5 cxb5 26. Kg3 a5 27. Kh4 a4 28. bxa4 bxa4 29. Kxh5 a3 30. Ba1 Bc5 31. c3 Bxf2 32. Kg4 Be1 33. h4 Kc6 34. h5 Bd2 35. Kf5 Kb5 36. c4+ Ka4 37. Kxf6 Bc1 38. Bxe5 Bb2 39. h6 Bxe5+ 40. Kxe5 a2 41. h7 a1Q+ 42. d4 Qh1 0-1